000 00454nam a22001817a 4500
003 MPLRDC
005 20220104123626.0
008 210129b ||||| |||| 00| 0 eng d
020 _a7-5008-1481-X
082 _a782.886 MQZ
100 _a中国工人出版社 编委会
245 _a辉煌人生
_c
250 _a一版一刷
260 _a
_b中国工人出版社
_c1993
300 _b
650 _a牟其中传记
942 _cBK
_o782.886 MQZ
999 _c12892
_d12882